Zwycięzcy Wyścigów Formuły 1 - Nagła Śmierć (Wersja Łatwa) - Statystyki

Ogólne statystyki
  • Ten quiz został rozwiązany 38 razy
  • Średni wynik to 11 z 15
Answers on the Grid
Answers color-coded by a green-red scale on the quiz's grid according to % correct below.
Stirling Moss
David Coulthard
Robert Kubica
Nikita Mazepin
Isack Hadjar
Felipe Massa
Michael Schumacher
Kimi Raikkonen
Rubens Barichello
Arvid Lindblad
Nico Hulkenberg
Oscar Piastri
Lando Norris
Jim Clark
Mark Webber
Daniel Ricciardo
Juan Pablo Montoya
Gilles Villeneuve
Jacques Villeneuve
Gabriel Bortoleto
Kevin Magnussen
Oliver Bearman
Liam Lawson
Franco Colapinto
Narain Karthikeyan
Sebastien Buemi
Felipe Nasr
Zhou Guanyu
Jack Doohan
Stoffel Vandoorne
 
Statystyki odpowiedzi
Odpowiedź % Poprawnych
Robert Kubica
89%
Daniel Ricciardo
86%
Lando Norris
86%
Michael Schumacher
86%
Felipe Massa
82%
Kimi Raikkonen
82%
Mark Webber
82%
Juan Pablo Montoya
79%
Oscar Piastri
79%
David Coulthard
75%
Jacques Villeneuve
71%
Rubens Barichello
68%
Jim Clark
64%
Gilles Villeneuve
61%
Stirling Moss
46%
Nie znaleziono quizów pasujących do podanych kryteriów
Rozkład punktacji
Procent ludzi z każdym wynikiem
Percentyl według liczby udzielonych odpowiedzi
Twoja historia wyników
Nie rozwiązałeś tego quizu